| 000 | 00650nam a22001937a 4500 | ||
|---|---|---|---|
| 003 | AR-RoUNCS | ||
| 005 | 20250925124813.0 | ||
| 008 | 250925t1992 bl |||||r|||| 001 0 por d | ||
| 020 | _a85-06-0134405 | ||
| 040 |
_aAR-RoUNCS _cAR-RoUNCS |
||
| 080 | _0(038)=134.3 | ||
| 100 | 1 |
_aPereira, Helena Bonito Couto, _d1950- _eautor |
|
| 245 | 1 | 0 |
_aMichaelis : _bpequeno dicionário : espanhol-português, português-espanhol / _cHelena B. D. Pereira e Rena Signer. |
| 260 |
_aSão Paulo : _bMelhoramentos, _cc1992. |
||
| 300 |
_a632 p. ; _b15 cm. |
||
| 650 | 4 |
_aPORTUGUÉS _xESPAÑOL _vDICCIONARIOS |
|
| 700 | 1 |
_aSigner, Rena, _d1954- _eautor |
|
| 942 |
_2udc _cOG _n0 |
||
| 999 |
_c619 _d619 |
||